Toyotarity. Change management /

Salvato in:
Dettagli Bibliografici
Altri autori: Borkowski, Stanislaw (Redattore), Ipavec, Vesna Mia (Redattore), Šujanová, Jana, 1961- (Revisore), Szoltysek, Katarzyna Maria (Revisore)
Natura: Libro
Lingua:inglese
Pubblicazione: Alba Iulia, Romania Aeternitas Publishing House 2014
Edizione:1. vyd.
Soggetti:
Tags: Aggiungi Tag
Nessun Tag, puoi essere il primo ad aggiungerne!!

MARC

LEADER 00000nam a22000003a 4500
001 0001673
003 SK-STU
005 20150617230323.5
007 ta
008 150120s ----xo-----e------000-0-----d
020 |a 978-606-613-096-7 
040 |a STU  |b slo 
041 0 |a eng 
044 |a rm 
100 1 |a Borkowski, Stanislaw  |r Z6  |4 edt 
245 1 0 |a Toyotarity. Change management /  |c ed. Stanislaw Borkowski ; ed. Vesna Mia Ipavec ; Jana Šujanová, Katarzyna Maria Szoltysek 
250 |a 1. vyd. 
260 |a Alba Iulia, Romania  |b Aeternitas Publishing House  |c 2014 
300 |a 174 s. 
650 4 |a manažment 
700 1 |a Ipavec, Vesna Mia  |4 edt 
700 1 |a Šujanová, Jana,  |d 1961-  |u M4000  |r Z1  |4 rev  |U MTF Materiálovotechnologická fakulta  |T MTF Ústav priemyselného inžinierstva a manažmentu  |X 2306  |U M4000  |Y 84  |7 A000002306 
700 1 |a Szoltysek, Katarzyna Maria  |4 rev 
996 |b 284M086342  |c M*Z-4279  |l MMKN  |s A  |a 24  |w 0001673_0001 
996 |b 284M086348  |c M*Z-4280  |l MMKN  |s A  |a 24  |w 0001673_0002